Carte geographique de l'Egypte et des pays environnans reduite d'apres la carte topographique.
محفوظ في:
مؤلف مشترك:
مؤلفون آخرون:
التنسيق: خريطة كتاب
اللغة: French
الموضوعات:
الوسوم: إضافة وسم
لا توجد وسوم, كن أول من يضع وسما على هذه التسجيلة!
رقم الطلب: ( R )DT46 .F8 leaves 3-5
| LEADER | 01618nem a22003855a 4500 | ||
|---|---|---|---|
| 001 | 11717 | ||
| 003 | OSt | ||
| 005 | 20210308082201.0 | ||
| 008 | 130303s1818 fr b g 000 0 fre d | ||
| 952 | |0 0 |1 0 |2 lcc |4 0 |7 1 |9 10903 |a ARCE |b ARCE |d 2021-03-08 |l 0 |o ( R )DT46 .F8 leaves 3-5 |r 2021-03-08 00:00:00 |w 2021-03-08 |y MP | ||
| 999 | |c 19847 |d 19847 | ||
| 035 | |a map00000059 | ||
| 040 | |c ARCE Library | ||
| 043 | |a f-ua--- |a aw----- |a awgz--- |a awba--- | ||
| 050 | 0 | 4 | |a ( R )DT46 .F8 leaves 3-5 |
| 110 | 1 | |a France. |b Commission scientifique de l'Egypte, | |
| 245 | 1 | 0 | |a Carte geographique de l'Egypte et des pays environnans reduite d'apres la carte topographique. |
| 246 | 3 | |a Description de l'Egypt | |
| 255 | |a Graphical scale bar : 1 mm. = 1000 metres. | ||
| 264 | 1 | |a Paris : |b Imprimerie Royale, |c 1818. | |
| 300 | |a 1 map on 3 sheets ; |c 124.5 x 83 cm. | ||
| 336 | |a text |b txt |2 rdacontent | ||
| 337 | |a unmediated |b n |2 rdamedia | ||
| 338 | |a volume |b nc |2 rdacarrier | ||
| 500 | |a From the so-called atlas volume of the Description de l'Egypt, published in 1818 from the work of the engineers and surveyors who were members of the scientific commission that accompanied Napoleon's army to Egypt. | ||
| 651 | 0 | |a Egypt |v Maps. | |
| 651 | 0 | |a Middle East |v Maps. | |
| 651 | 0 | |a Palestine |v Maps. | |
| 700 | 1 | |a Jacotin, Pierre, |d 1765-1827. |9 33069 | |
| 901 | |a reviewed | ||
| 907 | |a .b24527567 |b 02-04-08 |c 01-30-08 | ||
| 942 | |c MP |2 lcc | ||
| 945 | |a ( R) DT46.F8 leaves 3-5 |g 1 |i 291576-dr |l 1arce |o z |p $0.00 |q |r |s w |t 0 |u 0 |v 0 |w 0 |x 0 |y .i31602691 |z 02-04-08 | ||
| 949 | |a ( R) DT46.F8 |a leaves 3-5 |c arcesim | ||
| 998 | |b 01-30-08 |c m |d - |i 1 | ||
